[Event "7. Longericher Sommer-Open"]
[Site "?"]
[Date "2010.07.30"]
[Round "1.1"]
[White "Mladenov, Svetlin"]
[Black "Lambertz, Michael"]
[Result "1-0"]
[WhiteElo "2422"]
[BlackElo "1982"]
[PlyCount "45"]
[EventDate "2010.??.??"]
[WhiteTeam "SV Wattenscheid 1930"]
[BlackTeam "SF Esch e.V."]

1. e4 e6 2. d4 d5 3. Nc3 Bb4 4. e5 c5 5. a3 cxd4 6. axb4 dxc3 7. bxc3 Qc7 8.
Nf3 Nc6 9. Bf4 Nge7 10. Bd3 Ng6 11. Bg3 Ncxe5 12. Bb5+ Ke7 13. O-O Qxc3 14.
Nxe5 Nxe5 15. Re1 f6 16. Qh5 a6 17. Bf1 Bd7 18. Rad1 Be8 19. Qh3 Bg6 20. Rxe5
Bf5 (20... fxe5 21. Bh4+) 21. Rxf5 Qxc2 22. Re1 Qd2 23. Rxe6+ 1-0

[Event "7. Longericher Sommer-Open"]
[Site "?"]
[Date "2010.07.30"]
[Round "1.2"]
[White "Begri, Robert"]
[Black "Khanukov, Boris"]
[Result "1/2-1/2"]
[WhiteElo "1982"]
[BlackElo "2258"]
[PlyCount "100"]
[EventDate "2010.??.??"]
[WhiteTeam "Tischtennisclub Grün-Weiß Fritzd"]
[BlackTeam "Stift. Bahn-Sozialwerk Schachgr."]

1. e4 c5 2. Nf3 Nc6 3. d4 cxd4 4. Nxd4 g6 5. Nc3 Bg7 6. Be3 Nf6 7. Bc4 O-O 8.
O-O Nxe4 9. Nxe4 d5 10. Nxc6 bxc6 11. Bc5 Qc7 12. Bd4 dxe4 13. Bxg7 Kxg7 14.
Qd4+ e5 15. Qxe4 Bf5 16. Qe2 h5 17. h3 Rad8 18. Rad1 h4 19. Rxd8 Rxd8 20. Rd1
f6 21. Bb3 Rxd1+ 22. Qxd1 Qd7 23. Qe2 Qd4 24. c3 Qd3 25. Qxd3 Bxd3 26. Ba4 c5
27. f3 f5 28. Kf2 Kf6 29. Ke3 Bb1 30. a3 f4+ 31. Kf2 e4 32. fxe4 Bxe4 33. b4
cxb4 34. axb4 Ke5 35. Bb3 g5 36. Bc4 Bc2 37. Bf7 Bd1 38. Bc4 Ke4 39. Ba6 g4 40.
hxg4 Bxg4 41. c4 h3 42. gxh3 Bxh3 43. c5 Ke5 44. Kf3 Be6 45. Bb7 Bb3 46. b5
Bd1+ 47. Kf2 Ba4 48. b6 axb6 49. cxb6 Kd6 50. Be4 Bc6 1/2-1/2

[Event "7. Longericher Sommer-Open"]
[Site "?"]
[Date "2010.07.30"]
[Round "1.3"]
[White "Rotstein, Jefim"]
[Black "Freundlieb, Thomas"]
[Result "1-0"]
[WhiteElo "2210"]
[BlackElo "1975"]
[PlyCount "65"]
[EventDate "2010.??.??"]
[WhiteTeam "Ford-SF Köln e.V."]
[BlackTeam "SV Bergneustadt/Dersch"]

1. d4 d6 2. g3 g6 3. Bg2 Bg7 4. Nf3 e5 5. dxe5 dxe5 6. Qxd8+ Kxd8 7. Nc3 c6 8.
Be3 Nd7 9. O-O-O Kc7 10. Ne4 Bf8 11. Neg5 Nh6 12. Bh3 Bg7 13. Rd2 Nb6 14. Bxc8
Raxc8 15. Rhd1 Rcd8 16. Rxd8 Rxd8 17. Nxh7 f6 18. Rxd8 Kxd8 19. Nxf6 Bxf6 20.
Bxh6 Nd5 21. e4 Nc7 22. Bg5 Bxg5+ 23. Nxg5 Ke7 24. Kd2 Kf6 25. h4 Nb5 26. Ke3
Nd6 27. b3 b5 28. f4 b4 29. Nf3 exf4+ 30. gxf4 Nb5 31. Nd4 Na3 32. e5+ Kf7 33.
Nxc6 1-0

[Event "7. Longericher Sommer-Open"]
[Site "?"]
[Date "2010.07.30"]
[Round "1.4"]
[White "Holzem, Christopher"]
[Black "Kiese, Matthias"]
[Result "1/2-1/2"]
[WhiteElo "1972"]
[BlackElo "2194"]
[PlyCount "39"]
[EventDate "2010.??.??"]
[WhiteTeam "Turnerschaft Bergisch-Gladbach 1"]
[BlackTeam "SGEM Waldshut-Tiengen"]

1. e4 c5 2. c3 d5 3. exd5 Qxd5 4. d4 Nc6 5. Nf3 Bg4 6. Be2 cxd4 7. cxd4 e6 8.
Nc3 Qa5 9. O-O Nf6 10. Be3 Bd6 11. Qb3 Qb4 12. Qc2 O-O 13. a3 Qa5 14. h3 Bh5
15. b4 Qd8 16. Rfd1 Rc8 17. Qb3 Nd5 18. Nxd5 exd5 19. Rac1 Re8 20. Kh1 1/2-1/2

[Event "7. Longericher Sommer-Open"]
[Site "?"]
[Date "2010.07.30"]
[Round "1.5"]
[White "König, Dirk Norbert"]
[Black "Fichtner, Ewald"]
[Result "1/2-1/2"]
[WhiteElo "2125"]
[BlackElo "1969"]
[PlyCount "68"]
[EventDate "2010.??.??"]
[WhiteTeam "SVigung 1920 Plettenbe"]
[BlackTeam "SG Solingen e.V."]

1. e4 c6 2. Nf3 d5 3. exd5 cxd5 4. Ne5 Nf6 5. d4 Nc6 6. Bb5 Bd7 7. Nxd7 Qxd7 8.
c3 e6 9. O-O Bd6 10. Nd2 a6 11. Bd3 b5 12. Re1 O-O 13. Nf3 Qc7 14. Qe2 Bf4 15.
a4 Bxc1 16. Rexc1 Na5 17. axb5 Nb3 18. bxa6 Nxc1 19. Rxc1 Rfb8 20. Ne5 Rb3 21.
g4 Rab8 22. Rb1 Nd7 23. Nxd7 Qxd7 24. Bc2 R3b6 25. b4 Qc6 26. Qd3 g6 27. Ra1
Ra8 28. Ba4 Raxa6 29. Bxc6 Rxa1+ 30. Kg2 Rxc6 31. Qb5 Rxc3 32. Qb8+ Kg7 33. g5
Re1 34. Qd8 Re2 1/2-1/2

[Event "7. Longericher Sommer-Open"]
[Site "?"]
[Date "2010.07.30"]
[Round "1.6"]
[White "Arlt, Klaus"]
[Black "Bauer, Andreas"]
[Result "1-0"]
[WhiteElo "1950"]
[BlackElo "2086"]
[PlyCount "81"]
[EventDate "2010.??.??"]
[WhiteTeam "SF Köln-Mülheim e.V."]
[BlackTeam "SC Emmendingen 1937 e.V."]

1. c4 c5 2. Nf3 Nc6 3. Nc3 e5 4. g3 g6 5. Bg2 Bg7 6. d3 Nge7 7. O-O d6 8. Bg5
f6 9. Be3 O-O 10. a3 a5 11. Rb1 Be6 12. Ne1 Rb8 13. Nc2 f5 14. b4 f4 15. Bd2
axb4 16. axb4 Qd7 17. bxc5 dxc5 18. Na4 Bh3 19. Nxc5 Qc8 20. Ne4 Bxg2 21. Kxg2
Nf5 22. Bc3 h5 23. Nb4 Ncd4 24. Bxd4 Nxd4 25. Nd5 Kh8 26. Rb6 Nxe2 27. f3 Nd4
28. Ne7 Qd8 29. Nxg6+ Kg8 30. Rd6 Qa5 31. gxf4 Nf5 32. Qe1 Qxe1 33. Rxe1 Nxd6
34. Nxd6 Rf6 35. Ne7+ Kf8 36. fxe5 Re6 37. Nd5 Rxe5 38. Re4 Rg5+ 39. Kf2 Ra8
40. f4 Ra2+ 41. Kf3 1-0

[Event "7. Longericher Sommer-Open"]
[Site "?"]
[Date "2010.07.30"]
[Round "1.7"]
[White "Eulering, Georg"]
[Black "Hirth, Ulrich"]
[Result "1-0"]
[WhiteElo "2079"]
[BlackElo "1943"]
[PlyCount "71"]
[EventDate "2010.??.??"]
[WhiteTeam "SF Schlebusch"]
[BlackTeam "SV Schwarz-Weiß Oberha"]

1. e4 g6 2. d4 Bg7 3. Nc3 c6 4. Bc4 e6 5. Nf3 d5 6. Bb3 Nf6 7. e5 Nfd7 8. Bg5
Qc7 9. Qd2 h6 10. Be3 a6 11. Ne2 c5 12. c3 b6 13. Nf4 Nf8 14. O-O a5 15. Ba4+
Bd7 16. Bc2 Nc6 17. Rac1 b5 18. Nd3 c4 19. Nc5 g5 20. b3 Ng6 21. Rb1 g4 22. Ne1
Bf8 23. Nxd7 Kxd7 24. f4 Nce7 25. bxc4 bxc4 26. f5 Nh4 27. fxe6+ fxe6 28. Rf7
Nhf5 29. Qf2 Ke8 30. Rf6 Ra6 31. Bc1 Bg7 32. Ba4+ Kd8 33. Rf7 Rf8 34. Rxg7 Rb6
35. Rxb6 Qxb6 36. Ba3 1-0

[Event "7. Longericher Sommer-Open"]
[Site "?"]
[Date "2010.07.30"]
[Round "1.8"]
[White "Häussler, Daniel"]
[Black "Wolfradt, Dirk"]
[Result "1/2-1/2"]
[WhiteElo "1939"]
[BlackElo "2069"]
[PlyCount "52"]
[EventDate "2010.??.??"]
[WhiteTeam "SC Ostfildern 1952 e.V."]
[BlackTeam "SVigung 1919 Königsspr"]

1. d4 Nf6 2. c4 e6 3. f3 d5 4. cxd5 exd5 5. e3 c6 6. Bd3 Bd6 7. Nc3 Qc7 8. g3
O-O 9. Nge2 Bh3 10. Rg1 Re8 11. Qc2 Na6 12. a3 Qa5 13. Bd2 Qd8 14. e4 c5 15. e5
cxd4 16. exf6 dxc3 17. Bxh7+ Kh8 18. fxg7+ Kxg7 19. Bxc3+ Be5 20. Bd3 d4 21.
Bb4 Nxb4 22. axb4 Qe7 23. Kd1 Be6 24. Qc5 Bb3+ 25. Ke1 Qg5 26. Be4 Rac8 1/2-1/2

[Event "7. Longericher Sommer-Open"]
[Site "?"]
[Date "2010.07.30"]
[Round "1.9"]
[White "Pick, Stefan"]
[Black "Bergner, Philipp"]
[Result "1-0"]
[WhiteElo "2066"]
[BlackElo "1930"]
[PlyCount "43"]
[EventDate "2010.??.??"]
[WhiteTeam "SK Kerpen 64 e.V."]
[BlackTeam "Mönchfelder SV 1967"]

1. d4 Nf6 2. Nf3 g6 3. Nc3 Bg7 4. e4 O-O 5. e5 Ne8 6. Bf4 d6 7. Qd2 Bg4 8. Be2
Na6 9. Bh6 c5 10. Bxg7 Nxg7 11. Bxa6 Bxf3 12. gxf3 bxa6 13. O-O-O Nf5 14. dxc5
dxc5 15. Qf4 Qc7 16. h4 h5 17. Rhg1 Kh7 18. Ne4 Rad8 19. Ng5+ Kg7 20. Qxf5
Rxd1+ 21. Kxd1 Qd8+ 22. Qd3 1-0

[Event "7. Longericher Sommer-Open"]
[Site "?"]
[Date "2010.07.30"]
[Round "1.10"]
[White "Wickenfeld, Stefan"]
[Black "Bub, Volker"]
[Result "1-0"]
[WhiteElo "1920"]
[BlackElo "2060"]
[PlyCount "65"]
[EventDate "2010.??.??"]
[WhiteTeam "SK Herne-Sodingen 1924"]
[BlackTeam "SC Tornado 86 Hochneukirch"]

1. e4 g6 2. Nc3 Bg7 3. d4 d6 4. Bc4 e6 5. Nge2 Ne7 6. O-O a6 7. a4 b6 8. Bg5 h6
9. Bh4 g5 10. Bg3 Ng6 11. f4 gxf4 12. Nxf4 Nxf4 13. Rxf4 Nc6 14. d5 Ne5 15.
dxe6 Nxc4 16. exf7+ Kf8 17. Qd5 Nxb2 18. Qxa8 Bxc3 19. Raf1 Bd4+ 20. Kh1 Bg7
21. Rg4 Qd7 22. h3 Nc4 23. Bh4 Ne3 24. Rxg7 Nxf1 25. Rg4 Rh7 26. Rg8+ Kxf7 27.
Rxc8 Ne3 28. Rf8+ Kg6 29. Rf6+ Kh5 30. Bf2 Qe7 31. e5 d5 32. Bxe3 Qxe5 33. Rf5+
1-0

[Event "7. Longericher Sommer-Open"]
[Site "?"]
[Date "2010.07.30"]
[Round "1.11"]
[White "Losekoot, Pascal"]
[Black "Zilberman, Rodion"]
[Result "1-0"]
[WhiteElo "2047"]
[BlackElo "1913"]
[PlyCount "49"]
[EventDate "2010.??.??"]
[WhiteTeam "BSV(Baarn, Niederlande)"]
[BlackTeam "SF Köln-Longerich 195"]

1. d4 g6 2. c4 d6 3. Nc3 Bg7 4. e4 e5 5. d5 f5 6. Nf3 Nf6 7. Bd3 Na6 8. b4 O-O
9. Rb1 fxe4 10. Nxe4 Nxe4 11. Bxe4 Bg4 12. O-O Qd7 13. Qb3 Rf6 14. Ng5 h6 15.
Ne6 Re8 16. Nxg7 Kxg7 17. Qe3 Rh8 18. Bd2 b6 19. f4 exf4 20. Rxf4 Rxf4 21. Qxf4
Bf5 22. Bc3+ Kg8 23. Bxh8 Kxh8 24. Bxf5 Qxf5 25. Qxh6+ 1-0

[Event "7. Longericher Sommer-Open"]
[Site "?"]
[Date "2010.07.30"]
[Round "1.13"]
[White "Schülke, Tilman"]
[Black "Wulfken, Christof"]
[Result "1-0"]
[WhiteElo "1995"]
[BlackElo "1898"]
[PlyCount "74"]
[EventDate "2010.??.??"]
[WhiteTeam "Düsseldorfer SV 1854"]
[BlackTeam "SF Schlebusch"]

1. g3 d5 2. Bg2 Nf6 3. d3 Bf5 4. Nf3 c6 5. a3 Nbd7 6. h3 e5 7. Nbd2 Bd6 8. Nh4
Be6 9. e4 Qb6 10. O-O O-O-O 11. b4 h6 12. Bb2 g5 13. Nf5 Bxf5 14. exf5 c5 15.
bxc5 Qxb2 16. cxd6 Nc5 17. Rb1 Qc3 18. Nb3 Rxd6 19. Nxc5 Qxc5 20. Qe2 Re8 21.
c4 Kb8 22. Rb5 Qd4 23. a4 Re7 24. Rfb1 Rc7 25. Qc2 Rb6 26. Rxb6 axb6 27. Qb3
dxc4 28. dxc4 Rxc4 29. a5 e4 30. axb6 Nd5 31. Qa3 Nxb6 32. Qf8+ Ka7 33. Qxf7
Rc2 34. Rf1 Nd5 35. Qe6 Nb4 36. Qxe4 Qxe4 37. Bxe4 Re2 {ZÜ} 1-0

[Event "7. Longericher Sommer-Open"]
[Site "?"]
[Date "2010.07.30"]
[Round "1.14"]
[White "Grzeca, Pascal"]
[Black "Dickmann, Thomas"]
[Result "1-0"]
[WhiteElo "1897"]
[BlackElo "1993"]
[PlyCount "155"]
[EventDate "2010.??.??"]
[WhiteTeam "SV Spr.Siershahn"]
[BlackTeam "SV Wesel 1928 e.V."]

1. e4 c5 2. Nf3 g6 3. d4 cxd4 4. Nxd4 Nc6 5. Be3 Nf6 6. Nc3 Bg7 7. Bc4 O-O 8.
f3 Qb6 9. Qd2 Nxe4 10. Nxc6 Nxd2 11. Nxe7+ Kh8 12. Bxb6 Nxc4 13. Bf2 b6 14.
O-O-O d6 15. Bd4 Be6 16. b3 Ne3 17. Bxe3 Bxc3 18. Rxd6 Rfe8 19. Rd3 Bf6 20. Nc6
Bf5 21. Bd4 Re6 22. Bxf6+ Rxf6 23. Rd8+ Rxd8 24. Nxd8 Kg7 25. Rd1 Kf8 26. Nb7
Ke7 27. b4 Rc6 28. Rd2 Rc7 29. Nd6 Be6 30. Nb5 Rb7 31. a3 a6 32. Nd4 Bd7 33.
Re2+ Kd6 34. Kd2 Rc7 35. Kd3 b5 36. c3 h5 37. Re3 Rc8 38. Nb3 Bf5+ 39. Ke2 Be6
40. Nc5 Bc4+ 41. Kf2 h4 42. Re4 g5 43. f4 f6 44. Rd4+ Kc6 45. Ne4 gxf4 46. Rd6+
Kc7 47. Rxf6 h3 48. Rxf4 hxg2 49. Kxg2 Bd5 50. Kf2 a5 51. Ke3 axb4 52. axb4 Kd7
53. Nf6+ Ke6 54. Nxd5 Kxd5 55. Rf5+ Ke6 56. Rc5 Rh8 57. Rxb5 Rxh2 58. Kd4 Kd6
59. Rb6+ Kc7 60. Rg6 Rh4+ 61. Kc5 Rh5+ 62. Kc4 Rh1 63. Kb5 Rh5+ 64. Ka4 Rh1 65.
c4 Rh4 66. Ka5 Rh5+ 67. c5 Rh7 68. Ka6 Rh4 69. Rg7+ Kc6 70. b5+ Kxc5 71. Rc7+
Kd6 72. b6 Ra4+ 73. Kb7 Ra1 74. Rc3 Rh1 75. Ka7 Ra1+ 76. Kb8 Rh1 77. b7 Ra1 78.
Kc8 1-0

[Event "7. Longericher Sommer-Open"]
[Site "?"]
[Date "2010.07.30"]
[Round "1.15"]
[White "Täger, Torsten"]
[Black "Speck, Stefan"]
[Result "1/2-1/2"]
[WhiteElo "1984"]
[BlackElo "1895"]
[PlyCount "109"]
[EventDate "2010.??.??"]
[WhiteTeam "SV Lahn Limburg"]
[BlackTeam "SC Solingen 1928 e.V."]

1. e4 Nf6 2. d3 e5 3. Nf3 Nc6 4. c4 Bc5 5. Be2 d6 6. Nc3 a6 7. O-O h6 8. a3 Bg4
9. b4 Ba7 10. Rb1 O-O 11. a4 Bxf3 12. Bxf3 Nd4 13. Bg4 Nxg4 14. Qxg4 Qc8 15.
Qg3 Kh7 16. Kh1 f5 17. f4 exf4 18. Bxf4 fxe4 19. dxe4 Qe6 20. Qd3 Kg8 21. Nd5
Rf7 22. Be3 Nc6 23. Rxf7 Qxf7 24. Rf1 Qd7 25. Bxa7 Nxa7 26. b5 Rf8 27. Rxf8+
Kxf8 28. h3 Nc8 29. Qd4 axb5 30. axb5 c6 31. Nc3 Qf7 32. e5 dxe5 33. Qxe5 Qf1+
34. Kh2 Ne7 35. bxc6 bxc6 36. c5 Qf5 37. Qd6 Ke8 38. Ne2 Qd5 39. Qb8+ Kf7 40.
Qf4+ Ke8 41. Qe3 Kf7 42. Nf4 Qf5 43. Nd3 Kf6 44. Qd4+ Kf7 45. Ne5+ Ke8 46. Nc4
Qd5 47. Nd6+ Kf8 48. Qe3 Qh5 49. g4 Qg6 50. Qb3 Nd5 51. Qb8+ Ke7 52. Nf5+ Kf7
53. Qb7+ Kg8 54. Kg3 Qf6 55. Qb8+ 1/2-1/2

[Event "7. Longericher Sommer-Open"]
[Site "?"]
[Date "2010.07.30"]
[Round "1.16"]
[White "Lensink, Daan"]
[Black "Gutt, Oswald"]
[Result "1/2-1/2"]
[WhiteElo "1768"]
[BlackElo "1891"]
[PlyCount "109"]
[EventDate "2010.??.??"]
[WhiteTeam "BSV(Baarn, Niederlande)"]
[BlackTeam "Bergische SF 1923 Ber"]

1. e4 d6 2. d4 Nf6 3. Nc3 g6 4. h3 Bg7 5. Be3 c6 6. f4 Qa5 7. Bd3 Nbd7 8. Qd2
b5 9. a3 e5 10. b4 Qc7 11. dxe5 dxe5 12. Nf3 Nh5 13. f5 Ng3 14. f6 Bxf6 15. Rh2
O-O 16. a4 Be7 17. Rb1 a5 18. bxa5 b4 19. Nd1 c5 20. Nb2 Qxa5 21. Qf2 Nh5 22.
Bb5 b3+ 23. c3 Qxc3+ 24. Bd2 Qc2 25. Bd3 Rxa4 26. Bxc2 bxc2 27. Rc1 Rxe4+ 28.
Kf1 Ba6+ 29. Kg1 Re2 30. Qxe2 Bxe2 31. Rxc2 c4 32. Nxc4 Rc8 33. g4 Bxf3 34.
gxh5 Bxh5 35. Bh6 Bc5+ 36. Kf1 e4 37. Rhd2 Bf8 38. Bg5 Nc5 39. Ne3 Ra8 40. Nd5
Bf3 41. Bf6 Nd3 42. Ra2 Rb8 43. Ra1 h6 44. Rda2 e3 45. Nxe3 Bc5 46. Ng4 Kh7 47.
Ra5 g5 48. Ne5 Bd4 49. Nxf3 Bxf6 50. Rd1 Nf4 51. Ra6 Kg7 52. Rdd6 Rb1+ 53. Kf2
Rb2+ 54. Kf1 Rb1+ 55. Kf2 1/2-1/2

[Event "7. Longericher Sommer-Open"]
[Site "?"]
[Date "2010.07.30"]
[Round "1.19"]
[White "Kuhn, Andreas"]
[Black "Fassbender, Leopold"]
[Result "1/2-1/2"]
[WhiteElo "1856"]
[BlackElo "1716"]
[PlyCount "113"]
[EventDate "2010.??.??"]
[WhiteTeam "SG Niederkassel"]
[BlackTeam "SF Köln-Müngersdorf 1935"]

1. c4 c5 2. g3 Nf6 3. Bg2 g6 4. Nc3 Bg7 5. Nf3 Nc6 6. O-O O-O 7. d4 cxd4 8.
Nxd4 a6 9. Nc2 d6 10. b3 Bd7 11. Bb2 Rb8 12. Rc1 Qc8 13. Re1 Bh3 14. Bh1 Qd7
15. Nd5 Ne8 16. Bxg7 Nxg7 17. Nd4 f6 18. Qd2 e5 19. Nc2 Rbd8 20. Red1 Nf5 21.
Qc3 h5 22. Bg2 Bxg2 23. Kxg2 Kg7 24. Rd2 h4 25. Rcd1 h3+ 26. Kg1 Nfd4 27. Nxd4
Nxd4 28. Rf1 b5 29. Ne3 bxc4 30. Nxc4 Qc6 31. f3 d5 32. e3 Nb5 33. Qa5 Rb8 34.
a4 dxc4 35. axb5 Rxb5 36. Qa4 cxb3 37. Rb2 Qb6 38. Kf2 Rc8 39. Rd1 Qe6 40. Rdd2
g5 41. Qe4 Rc7 42. g4 Rf7 43. Rd3 Rd7 44. Rc3 Qf7 45. Qa4 Qe6 46. Rcxb3 Rxb3
47. Qxb3 Rd2+ 48. Kg3 Qxb3 49. Rxb3 Ra2 50. Kxh3 a5 51. Rb7+ Kg6 52. Kg3 Ra3
53. e4 a4 54. Ra7 Ra1 55. Kg2 a3 56. h3 Kh6 57. Kh2 1/2-1/2

[Event "7. Longericher Sommer-Open"]
[Site "?"]
[Date "2010.07.30"]
[Round "1.20"]
[White "Dijkhuis, Tycho"]
[Black "Neuner, Johannes"]
[Result "0-1"]
[WhiteElo "1697"]
[BlackElo "1834"]
[PlyCount "64"]
[EventDate "2010.??.??"]
[WhiteTeam "Moira Domtoren(Utrecht, Niederl"]
[BlackTeam "SK Freiburg Zähringen 1887 e.V."]

1. e4 c6 2. d4 d5 3. e5 c5 4. c3 Nc6 5. Nf3 Bg4 6. Nbd2 e6 7. Bd3 Nge7 8. O-O
Qb6 9. Qa4 Bf5 10. Be2 Ng6 11. Re1 Be7 12. Nf1 O-O 13. h3 Rac8 14. Bb5 cxd4 15.
Bxc6 dxc3 16. Bd7 cxb2 17. Bxb2 Rc4 18. Bd4 Qc7 19. Qb5 Rd8 20. Bxe6 fxe6 21.
Bxa7 Rb4 22. Rac1 Qxc1 23. Qxb4 Bxb4 24. Rxc1 Ra8 25. Bc5 Nf4 26. Ng3 Nd3 27.
Nxf5 exf5 28. Rd1 Nxc5 29. Rxd5 Rxa2 30. Ng5 Rd2 31. Rxd2 Bxd2 32. e6 Bxg5 0-1

[Event "7. Longericher Sommer-Open"]
[Site "?"]
[Date "2010.07.30"]
[Round "1.21"]
[White "Lucaßen, Mickey"]
[Black "Havenith, Michael"]
[Result "1/2-1/2"]
[WhiteElo "1832"]
[BlackElo "1692"]
[PlyCount "91"]
[EventDate "2010.??.??"]
[WhiteTeam "SV Wesel 1928 e.V."]
[BlackTeam "SV Würselen 1926 e.V."]

1. Nf3 Nf6 2. b3 g6 3. Bb2 Bg7 4. g3 d5 5. Bg2 O-O 6. O-O c6 7. d3 Nbd7 8. e3
Re8 9. a4 e5 10. h3 e4 11. Nfd2 exd3 12. cxd3 Nc5 13. Qc2 Ne6 14. Nf3 Bd7 15.
a5 a6 16. Ne5 Qc7 17. Nxd7 Qxd7 18. Nc3 Rad8 19. Na4 Qe7 20. Kh2 Nc7 21. Rae1
Nb5 22. Nc5 Qc7 23. b4 Nd7 24. Bxg7 Kxg7 25. Nb3 Qe5 26. d4 Qd6 27. Nc5 Nxc5
28. bxc5 Qc7 29. Ra1 Qe7 30. Bf3 Ra8 31. Be2 Nxd4 32. Qb2 Qe5 33. exd4 Qxe2 34.
Qxb7 Qb5 35. Rab1 Qxb7 36. Rxb7 Re2 37. Rc7 Rd2 38. Rxc6 Rxd4 39. Rd6 Ra4 40.
Rc1 Rxa5 41. c6 Ra2 42. Kg2 Re2 43. Rc5 Ree8 44. Rcxd5 a5 45. c7 Rec8 46. Rd8
1/2-1/2

[Event "7. Longericher Sommer-Open"]
[Site "?"]
[Date "2010.07.30"]
[Round "1.22"]
[White "Kirst, Peter"]
[Black "Weißhuhn, Gunnar"]
[Result "0-1"]
[WhiteElo "1687"]
[BlackElo "1824"]
[PlyCount "60"]
[EventDate "2010.??.??"]
[WhiteTeam "SV Erftstadt e.V."]
[BlackTeam "SK Turm Euskirchen 65"]

1. Nf3 Nf6 2. g3 d5 3. Bg2 c5 4. O-O Nc6 5. d3 h6 6. Nbd2 Bf5 7. Nh4 Bh7 8. c3
e6 9. e4 Be7 10. Qe2 O-O 11. f4 Qb6 12. Kh1 Rad8 13. f5 dxe4 14. dxe4 Nd7 15.
Ndf3 Nde5 16. Nxe5 Nxe5 17. Nf3 Nd3 18. Rb1 exf5 19. exf5 Rfe8 20. g4 Bg5 21.
Qc2 Bxc1 22. Rbxc1 Nxc1 23. Qxc1 Re2 24. Qf4 Qxb2 25. Nh4 Qxc3 26. f6 Qxf6 27.
Qc4 Rf2 28. Nf5 Rxf1+ 29. Qxf1 Bxf5 30. gxf5 b6 0-1

[Event "7. Longericher Sommer-Open"]
[Site "?"]
[Date "2010.07.30"]
[Round "1.23"]
[White "Fieberg, Christoph"]
[Black "Kürten, Lothar"]
[Result "1-0"]
[WhiteElo "1820"]
[BlackElo "1677"]
[PlyCount "91"]
[EventDate "2010.??.??"]
[WhiteTeam "Bergische SF 1923 Ber"]
[BlackTeam "SF Köln-Longerich 195"]

1. e4 e6 2. Qe2 Be7 3. g3 d5 4. Bg2 dxe4 5. Qxe4 Nf6 6. Qa4+ Qd7 7. Qb3 Nc6 8.
Nf3 Rb8 9. O-O O-O 10. c3 b6 11. d4 Bb7 12. Bg5 Na5 13. Qc2 Be4 14. Ne5 Bxc2
15. Nxd7 Nxd7 16. Bxe7 Rfe8 17. Bg5 h6 18. Bf4 Rec8 19. Na3 Ba4 20. c4 Nf6 21.
b3 Bc6 22. Rad1 Bxg2 23. Kxg2 a6 24. Rd3 g5 25. Be3 c6 26. Rc1 Nb7 27. Nb1 Rd8
28. Nc3 Nc5 29. Rd2 Ng4 30. h3 Nxe3+ 31. fxe3 Nb7 32. e4 c5 33. d5 e5 34. Rf2
Nd6 35. Rcf1 Rb7 36. g4 Kg7 37. Kf3 f6 38. Ke3 Rf8 39. Ne2 Rd7 40. Ng3 Ne8 41.
h4 Kg6 42. hxg5 hxg5 43. Rh2 Rh7 44. Rxh7 Kxh7 45. Nf5 Rf7 46. Rh1+ 1-0

[Event "7. Longericher Sommer-Open"]
[Site "?"]
[Date "2010.07.30"]
[Round "1.24"]
[White "Romanov, Alexey"]
[Black "Jordans, Ralph"]
[Result "1-0"]
[WhiteElo "1673"]
[BlackElo "1812"]
[PlyCount "109"]
[EventDate "2010.??.??"]
[WhiteTeam "SK Mannheim 1946 e.V."]
[BlackTeam "Ford-SF Köln e.V."]

1. e4 c5 2. Nf3 d6 3. d4 cxd4 4. Nxd4 Nf6 5. Nc3 a6 6. Bg5 Qa5 7. Bxf6 gxf6 8.
f4 Bd7 9. Nb3 Qb4 10. a3 Qb6 11. Nd5 Qd8 12. Qd2 Nc6 13. O-O-O Bh6 14. Qf2 Rc8
15. Qh4 Bg7 16. Be2 e6 17. Ne3 Na5 18. Nxa5 Qxa5 19. Nc4 Rxc4 20. Bxc4 Qc5 21.
Bd3 O-O 22. Rhf1 Rc8 23. Rf3 Bb5 24. Qf2 Qc7 25. Bxb5 axb5 26. Rc3 Qb8 27.
Rxc8+ Qxc8 28. Rxd6 Bf8 29. Rd3 b4 30. axb4 Bxb4 31. Qd4 Be7 32. Qd7 Qc5 33.
Qd4 Qa5 34. Rg3+ Kf8 35. c3 Qc7 36. e5 f5 37. Rh3 Bc5 38. Qd3 f6 39. Rh6 fxe5
40. Rxe6 e4 41. Qd5 Qxf4+ 42. Kc2 Be7 43. Qxb7 Qf2+ 44. Kb3 Qc5 45. Qb8+ Kf7
46. Qe5 Qxe5 47. Rxe5 Kf6 48. Ra5 f4 49. Kc2 Bd8 50. Rh5 Kg6 51. Re5 f3 52.
Rxe4 f2 53. Rf4 Bb6 54. Kd1 Kg5 55. Rf3 1-0

[Event "7. Longericher Sommer-Open"]
[Site "?"]
[Date "2010.07.30"]
[Round "1.25"]
[White "Gossmann, Jochen"]
[Black "Herms, Stefan"]
[Result "0-1"]
[WhiteElo "1812"]
[BlackElo "1671"]
[PlyCount "64"]
[EventDate "2010.??.??"]
[WhiteTeam "SF Köln-Mülheim e.V."]
[BlackTeam "SC Erkrath 1973"]

1. e4 e6 2. d4 d5 3. Nd2 dxe4 4. Nxe4 Bd7 5. Bg5 Be7 6. Nf3 Bc6 7. Bd3 Nd7 8.
Bf4 Ngf6 9. Nxf6+ Nxf6 10. c3 Be4 11. Qa4+ c6 12. Bxe4 Nxe4 13. O-O O-O 14.
Rfe1 Ng5 15. Ne5 h6 16. Qb3 Qc8 17. Re3 Nh7 18. Ng6 fxg6 19. Rxe6 Kh8 20. Rxe7
Rxf4 21. Rae1 Qf8 22. Qxb7 Rd8 23. f3 Ng5 24. Qxc6 Rf6 25. Qa4 Qg8 26. h4 Nxf3+
27. gxf3 Qd5 28. R1e4 Rxf3 29. c4 Qf5 30. Re8+ Kh7 31. Qc2 Rg3+ 32. Kh1 Qh3+
0-1

[Event "7. Longericher Sommer-Open"]
[Site "?"]
[Date "2010.07.30"]
[Round "1.26"]
[White "Granz, Thomas"]
[Black "Lasschuit, Rene"]
[Result "1-0"]
[WhiteElo "1650"]
[BlackElo "1800"]
[PlyCount "55"]
[EventDate "2010.??.??"]
[WhiteTeam "SVigung 1919 Königsspr"]
[BlackTeam "SV Het Probleem Amsterdam"]

1. e4 e6 2. Nf3 d5 3. exd5 exd5 4. d4 Bd6 5. Be3 Ne7 6. Bd3 Bf5 7. O-O Nd7 8.
Nc3 c6 9. Ne2 Qc7 10. Ng3 Bxd3 11. Qxd3 g6 12. Bh6 f6 13. Rfe1 O-O-O 14. c4
dxc4 15. Qxc4 Nd5 16. Bd2 N7b6 17. Qb3 Rhe8 18. Ne4 Bf4 19. Bxf4 Qxf4 20. Nc5
Qd6 21. a4 a5 22. Nd2 Nb4 23. Qf7 Rxe1+ 24. Rxe1 Nd7 25. Nc4 Qb8 26. Nxd7 Rxd7
27. Re8+ Kc7 28. Qxd7+ 1-0

[Event "7. Longericher Sommer-Open"]
[Site "?"]
[Date "2010.07.30"]
[Round "1.27"]
[White "Stelzer, Wolfgang"]
[Black "Smets, Heike"]
[Result "0-1"]
[WhiteElo "1799"]
[BlackElo "1640"]
[PlyCount "44"]
[EventDate "2010.??.??"]
[WhiteTeam "SC Wittlich 1947"]
[BlackTeam "vereinslos"]

1. c4 e6 2. Nc3 Nf6 3. g3 Bb4 4. Bg2 O-O 5. e3 Bxc3 6. dxc3 d6 7. Ne2 e5 8. O-O
c6 9. b3 Be6 10. Ba3 Nbd7 11. Bxd6 Re8 12. Qc2 Qb6 13. Ba3 Rad8 14. Rad1 g6 15.
Bb2 Bf5 16. Qc1 Nc5 17. Qa1 Nd3 18. b4 Nxf2 19. Rxd8 Rxd8 20. c5 Qb5 21. Rxf2
Ng4 22. Rxf5 Qxe2 0-1

[Event "7. Longericher Sommer-Open"]
[Site "?"]
[Date "2010.07.30"]
[Round "1.28"]
[White "Natterer, Marco"]
[Black "Bigott, Martin"]
[Result "0-1"]
[WhiteElo "1637"]
[BlackElo "1777"]
[PlyCount "108"]
[EventDate "2010.??.??"]
[WhiteTeam "SF Seelscheid e.V."]
[BlackTeam "SF Lohmar 1974 e.V."]

1. e4 Nf6 2. Nc3 e5 3. Nf3 Nc6 4. Bc4 Bb4 5. d3 d5 6. Bxd5 Nxd5 7. exd5 Qxd5 8.
O-O Bxc3 9. bxc3 Bg4 10. h3 Bxf3 11. Qxf3 Qxf3 12. gxf3 O-O-O 13. f4 Rd6 14.
Kh2 Re8 15. fxe5 Nxe5 16. Bf4 Rg6 17. Bxe5 Rxe5 18. Rae1 Rge6 19. Rxe5 Rxe5 20.
Kg3 Kd7 21. Rb1 b6 22. c4 Re2 23. Rc1 Kd6 24. Kf3 Re5 25. c3 Rh5 26. Kg4 g6 27.
f4 Ra5 28. Rc2 h5+ 29. Kf3 Ra3 30. Ke4 Ke6 31. h4 c5 32. Kf3 Kf5 33. Kg3 a6 34.
Kf3 b5 35. cxb5 axb5 36. Ke3 Kg4 37. d4 cxd4+ 38. Kxd4 Kxh4 39. Rg2 Kh3 40. Rb2
Kg3 41. f5 g5 42. Rxb5 h4 43. c4 h3 44. f6 g4 45. c5 h2 46. Rb1 Rxa2 47. Ke5
Rc2 48. Kd6 Kg2 49. c6 h1=Q 50. Rxh1 Kxh1 51. c7 g3 52. Kd7 g2 53. c8=Q Rxc8
54. Kxc8 g1=Q 0-1